000
00307nam a2200121Ia 4500
005
20260326235442.0
008
260326s9999||||xx |||||||||||||| ||und||
100
_a
Díaz Uribe, Bernardo
245
0
_a
Perspectiva /
_c
Bernardo Díaz Uribe
260
_b
Universidad de los Andes
300
_a
75 p.
942
_c
BK
999
_c
7449
_d
7449